000 00524pab a2200181 454500
008 180718b2001 xxu||||| |||| 00| 0 eng d
100 _aKumar, T. Vasantha
245 _aMeasurement of output efficiency among total manufacturing sectors of major Indian states
260 _c2001
300 _a430-41.
362 _aDec
650 _aManufacturing industry - India
650 _aManufacturing industry
700 _aReddy, C. Subba Rami
700 _aAbbaiah, R.
773 _aAsian Economic Review
909 _a51817
999 _c51817
_d51817